00874nam a2200229Ia 450000500170000000800410001702000220005804100080008008200150008810000240010324500230012725000120015026000440016230000090020650000240021565000310023970000360027094200070030699900170031395201450033095201690047520230425210644.0230125s9999 xx 000 0 und d a978-93-5202-420-9 aeng a658.8bVEN aVenugopal V9115735 aServices Marketing aEd. 1st c2015bHimalaya Publishing HouseaMumbai a321p aServices marketing  aServices marketing9119127 aVenugopal V & Raghu V N9115736 cBK c93542d93542 02104070aHIMRbHIMRd2015-12-16eHNIMR Staffg275.00o658.8 VEN DB2522pHIMR-DB-2522r2023-01-25 00:00:00v275.00w2023-01-25yDBzDB2522 02104070aHIMRbHIMRd2015-08-13eHimalaya publishing houseg325.00iA011877o658.8 VEN B13792pHIMR-BK-13792r2023-01-25 00:00:00v243.75w2015-05-26yBKzB13792